Teoría de la democracia /

Contiene: Filosofía y racionalidad práctica; Etica, derecho y política; El origen de la democracia: La democracia clásica; La tradición republicana, Sociedad civil y estado; Dos modelos de libertad; Modelos de democracia: Modelos clásicos; La democracia como protección; la democracia como desarrollo...

Deskribapen osoa

Gorde:
Xehetasun bibliografikoak
Egile nagusia: García Marzá, Vicente Domingo (autor)
Formatua: Liburua
Hizkuntza:gaztelania
Argitaratua: Valencia, España : NAU Llibres, 1993, c1993
Saila:(Filosofía Práctica ; 1)
Gaiak:
Etiketak: Etiketa erantsi
Etiketarik gabe, Izan zaitez lehena erregistro honi etiketa jartzen!

MARC

LEADER 00000nam^a2200000^a^4500
001 000171838
005 20250521000000.0
005 20250521000000.0
009 20260310101358.784
020 |a 84-7642-316-0 
037 |a Acervo ITESO - Biblioteca 
041 |a ESP 
082 |a 320. 01  |b GAR 
100 |a García Marzá, Vicente Domingo  |e (autor) 
245 1 0 |a Teoría de la democracia /  |c V.D. García Marzá. 
264 4 |a Valencia, España :  |b NAU Llibres,  |c 1993, c1993 
300 |a 150 p. 
336 |a texto  |b txt  |2 rdacontenido 
337 |a sin mediación  |b n  |2 rdamedio 
338 |a volumen  |b nc  |2 rdasoporte 
440 1 |a (Filosofía Práctica ;  |v 1) 
520 |a Contiene: Filosofía y racionalidad práctica; Etica, derecho y política; El origen de la democracia: La democracia clásica; La tradición republicana, Sociedad civil y estado; Dos modelos de libertad; Modelos de democracia: Modelos clásicos; La democracia como protección; la democracia como desarrollo. La democracia mínima; La democracia participativa. La estructura lógica de la democracia: La lógica contradictoria de la democracia; Democracia y capitalismo; La democracia como razón de ser Europa. 
649 |a XX 
650 |a Valores 
650 |a Estado, El 
650 |a Política -  |z Europa 
650 |a Desarrollo Económico-Social -  |z Europa 
650 |a Soberanía 
650 |a Ciudadanía 
650 |a Unión Europea 
650 |a Positivismo 
650 |a Humanismo 
650 |a Sociedad Civil 
650 |a Participación Política 
650 |a Democracia -  |x Teoría 
650 |a Nación 
650 |a Libertad 
650 |a Filosofía Política 
650 |a Axiología 
650 |a Democracia -  |x Historia 
650 |a Capitalismo 
650 |a Federalismo 
650 |a Sistema Político -  |z Europa 
650 |a Utopía 
910 |a Fondo General 
920 |a Impresos - Libros 
930 |a Colección General 
905 |a 101 
901 |a 0500108956  |b IT1  |c ACC  |u 20250521 
902 |a https://opac.biblio.iteso.mx/vufind/Record/000171838